UM Logo

Fault-tolerant control for multiphase induction machines with torque ripple reduction considering harmonic injection / (Record no. 21294)

MARC details
000 -LEADER
fixed length control field 01161nam a22002657a 4500
003 - CONTROL NUMBER IDENTIFIER
control field OSt
005 - DATE AND TIME OF LATEST TRANSACTION
control field 20250902062520.0
008 - FIXED-LENGTH DATA ELEMENTS--GENERAL INFORMATION
fixed length control field 240904b ||||| |||| 00| 0 eng d
040 ## - CATALOGING SOURCE
Transcribing agency 0
082 ## - DEWEY DECIMAL CLASSIFICATION NUMBER
Classification number DPer 621.317 Ie21 December 2022 v.37 n. 12 part 1&2.
100 ## - MAIN ENTRY--PERSONAL NAME
Personal name Yang, Guanghui.
Relator term author.
9 (RLIN) 60098
245 ## - TITLE STATEMENT
Title Fault-tolerant control for multiphase induction machines with torque ripple reduction considering harmonic injection /
Statement of responsibility, etc. Guanghui Yang, Haseeb Huseeb, Sheng Li, Jian Zhang, and Jiaqiang Yang.
260 ## - PUBLICATION, DISTRIBUTION, ETC. (IMPRINT)
Place of publication, distribution, etc. New York ;
Name of publisher, distributor, etc. The Institute of Electrical and Electronics Engineers, Inc.,
Date of publication, distribution, etc. December 2022.
300 ## - PHYSICAL DESCRIPTION
Extent volume 37, pages 14005-14010,
Other physical details illustration.
500 ## - GENERAL NOTE
General note IEEE Transactions on Power Electronics, v. 37 n. 12, pages 14005-14010, December 2022.
650 #0 - SUBJECT ADDED ENTRY--TOPICAL TERM
Topical term or geographic name as entry element Fault-tolerant strategy.
9 (RLIN) 65946
650 #0 - SUBJECT ADDED ENTRY--TOPICAL TERM
Topical term or geographic name as entry element torque operation range (TOR).
9 (RLIN) 65947
650 #0 - SUBJECT ADDED ENTRY--TOPICAL TERM
Topical term or geographic name as entry element Torque ripple.
9 (RLIN) 65948
700 ## - ADDED ENTRY--PERSONAL NAME
Personal name Yang, Guanghui.
Relator term author.
9 (RLIN) 60098
700 ## - ADDED ENTRY--PERSONAL NAME
Personal name Huseeb, Haseeb.
Relator term author.
9 (RLIN) 60099
700 ## - ADDED ENTRY--PERSONAL NAME
Personal name Li, Sheng
Relator term author.
9 (RLIN) 60100
700 ## - ADDED ENTRY--PERSONAL NAME
Personal name Zhang, Jian.
Relator term author.
9 (RLIN) 60101
700 ## - ADDED ENTRY--PERSONAL NAME
Personal name Yang, Jiaqiang.
Relator term author.
9 (RLIN) 60102
942 ## - ADDED ENTRY ELEMENTS (KOHA)
Source of classification or shelving scheme Dewey Decimal Classification
Koha item type Periodicals
Holdings
Withdrawn status Lost status Source of classification or shelving scheme Damaged status Not for loan Collection code Home library Current library Date acquired Total Checkouts Full call number Date last seen Price effective from Koha item type Public note
    Dewey Decimal Classification     Periodicals UM Digos College - LIC UM Digos College - LIC 09/04/2024   DPer 621.317 Ie21 December 2022 v.37 n. 12 part 1&2. 09/04/2024 09/04/2024 Periodicals 2024-09-04